[Event "ECU-ch Schools U15 Clas2"]
[Site "Chess.com INT"]
[Date "2020.11.07"]
[Round "5"]
[White "Gonzabay Vidal, Nick Steven"]
[Black "Villon Rodriguez, Mario"]
[Result "1-0"]
[WhiteElo "1407"]
[BlackElo "1214"]
[PlyCount "59"]
[EventDate "2020.11.07"]
[EventType "swiss"]
[EventRounds "9"]
[EventCountry "ECU"]
[SourceTitle "EXT 2022"]
[Source "ChessBase"]
[SourceDate "2021.10.06"]
[SourceVersion "1"]
[SourceVersionDate "2021.10.06"]
[SourceQuality "1"]

1. d4 d5 2. c4 Nf6 3. cxd5 Nxd5 4. e4 Nb6 5. Nf3 e6 6. Nc3 c5 7. Be2 cxd4 8. Nxd4 Bc5 9. Nb3 Qxd1+ 10. Nxd1 0-0 11. Nxc5 Nc6 12. 0-0 e5 13. Be3 Rd8 14. Nc3 Nd7 15. Rad1 b6 16. Nxd7 Bxd7 17. Rd2 Be6 18. Rfd1 Rxd2 19. Rxd2 Nb4 20. a3 Nc6 21. h3 h6 22. Rd6 Na5 23. Nd5 Nb7 24. Rc6 Na5 25. Rc7 Nb3 26. Bd1 Na5 27. b4 Rc8 28. Rxc8+ Bxc8 29. bxa5 bxa5 30. Ne7+ 1-0

[Event "ECU-ch Schools U15 Clas1"]
[Site "Chess.com INT"]
[Date "2020.11.05"]
[Round "7"]
[White "Gonzalez Loaiza, Roberth Alberto"]
[Black "Villon Rodriguez, Mario"]
[Result "1-0"]
[WhiteElo "194"]
[BlackElo "1214"]
[PlyCount "75"]
[EventDate "2020.11.05"]
[EventType "swiss"]
[EventRounds "9"]
[EventCountry "ECU"]
[SourceTitle "EXT 2022"]
[Source "ChessBase"]
[SourceDate "2021.10.06"]
[SourceVersion "1"]
[SourceVersionDate "2021.10.06"]
[SourceQuality "1"]

1. d4 d5 2. c4 e6 3. Nc3 Nf6 4. Nf3 c5 5. e3 Be7 6. Bd3 cxd4 7. Nxd4 dxc4 8. Bxc4 0-0 9. 0-0 b6 10. b3 Bb7 11. Bb2 Na6 12. Qe2 Nc5 13. Rfd1 Qc7 14. Ncb5 Qc8 15. Rac1 a6 16. Nc3 e5 17. Nf3 b5 18. Bd5 Nxd5 19. Nxd5 Rd8 20. Nxe7+ Kh8 21. Nxc8 Raxc8 22. Rxd8+ Rxd8 23. Rxc5 Bxf3 24. gxf3 h6 25. Bxe5 Re8 26. e4 Kg8 27. Qe3 Re6 28. Qf4 f6 29. Rc8+ Kf7 30. Bd6 g5 31. Rf8+ Kg6 32. Qf5+ Kh5 33. f4 Rxd6 34. fxg5 Rd1+ 35. Kg2 fxg5 36. Rh8 Rd2 37. Qf7+ Kg4 38. h3+ 1-0

[Event "ECU-ch Schools U15 Clas1"]
[Site "Chess.com INT"]
[Date "2020.11.05"]
[Round "6"]
[White "Villon Rodriguez, Mario"]
[Black "Ramos Proano, Leonardo Josue"]
[Result "0-1"]
[WhiteElo "1214"]
[BlackElo "1737"]
[PlyCount "86"]
[EventDate "2020.11.05"]
[EventType "swiss"]
[EventRounds "9"]
[EventCountry "ECU"]
[SourceTitle "EXT 2022"]
[Source "ChessBase"]
[SourceDate "2021.10.06"]
[SourceVersion "1"]
[SourceVersionDate "2021.10.06"]
[SourceQuality "1"]

1. d4 g6 2. Nf3 Bg7 3. e3 d5 4. Nbd2 Nd7 5. c4 c6 6. b3 e5 7. cxd5 cxd5 8. dxe5 Nxe5 9. Bb5+ Bd7 10. Bxd7+ Qxd7 11. Nxe5 Bxe5 12. Rb1 Bg7 13. Bb2 Nf6 14. 0-0 0-0 15. Qf3 Qe7 16. Rfd1 Rfd8 17. Nf1 Qe4 18. Qe2 Rac8 19. Ng3 Qc2 20. Rbc1 Qxe2 21. Nxe2 Ne4 22. Bxg7 Kxg7 23. h3 Rc6 24. f3 Nf6 25. Nf4 Rdc8 26. Rxc6 bxc6 27. Rc1 c5 28. Rd1 Rd8 29. e4 d4 30. Kf2 g5 31. Nd3 Nd7 32. Nb2 Ne5 33. Nc4 Nxc4 34. bxc4 Rb8 35. Rd2 Rb4 36. Rc2 a5 37. Ke2 Kf6 38. Kd2 a4 39. Kc1 Ke5 40. Kd2 h5 41. g3 h4 42. g4 Kf4 43. Kc1 a3 0-1